000 00734nam a2200229 a 4500
001 000028606
003 DO-SdBNP
005 20220427115439.0
007 ta
008 110411s2010 dr a 000 0 spa d
020 _a9789993458869
040 _aDO-SdBNP
_bspa
_cBNPHU
049 _aBNPD
082 4 _bC117c
_222
100 1 _aCabrera Febrillet, Felipe Neris
_955561
245 1 0 _aContabilidad general computarizada :
_bconocimiento del futuro hoy /
_cFelipe Neris Cabrera Febrillet.
260 _aSanto Domingo :
_bCentenario,
_c2010.
300 _axxxi, 472 p. :
_bil. ;
_c29 cm.
_eincluye CD-ROM
500 _aLa biblioteca posee 2 ejemplares autografiado por el autor
504 _aBibliografía : p.472
942 _2ddc
_cLBS1
999 _c28098
_d28098